000 00782nam a2200241 a 4500
001 000012200
003 DO-SdBNP
005 20240412074230.0
008 091106s1977 dr a 000 p spa d
040 _aDO-SdBNP
_bspa
_cBNPHU
082 4 _aRD861.44
_bP438a
_222
100 1 _aPérez N., Luis,
_d1930-
_928827
245 1 0 _aAmalgama poética /
_cLuis Pérez N. ; presentación Rafael G. Santana.
260 _a[Santo Domingo] :
_b[s.n.],
_c[197?].
300 _a60 p. :
_bil. ;
_c21 cm.
500 _aLa biblioteca posee 1a. parte de la publicación
650 4 _aPoesía dominicana
_966
650 4 _aLiteratura dominicana
650 0 _aLiteratura dominicana.
_967
700 1 _aSantana, Rafael G.
_928828
910 _aValidado. Control de calidad MFF
942 _2ddc
_cLBS1
999 _c11865
_d11865